000 01075nam a2200241Ia 4500
999 _c34428
_d34428
001 169
003 GE_BSU
005 20250328174405.0
008 181216s2006||||ge |||||||||||||| ||geo||
020 _a9789994098668
040 _cGE_BSU
041 _ageo
080 _a616.89 ა-15
100 _aაბდუშელიშვილი, ქეთევან
_924715
245 _aკოგნიტურ-ბიჰევიორული თერაპია :
_b [სახელმძღვ.] /
_cქეთევან აბდუშელიშვილი, არჩილ ბეგიაშვილი; [რედ. რეზო კორინთელი] ; საქ. ფსიქ. ჯანმრთელობის ასოციაცია.
264 _aთბილისი :
_b[ნეკერი],
_c2006.
300 _a269 გვ.
541 _h15 ლ.
653 _aფსიქიკური დაავადებები
653 _aფსიქოთერაპია
653 _aმედიცინა
942 _cBK
_2udc